Normal view
MARC view
Entry Personal Name
001 - CONTROL NUMBER
- control field: 5818
003 - CONTROL NUMBER IDENTIFIER
- control field: BD-RjUL
005 - DATE AND TIME OF LATEST TRANSACTION
- control field: 20221113170426.0
008 - FIXED-LENGTH DATA ELEMENTS
- fixed length control field: 221113|| aca||aabn | a|a d
040 ## - CATALOGING SOURCE
- Original cataloging agency: BD-RjUL
- Transcribing agency: BD-RjUL
100 ## - HEADING--PERSONAL NAME
- Personal name: Hossain,Md. Mozahed, Supervisor
670 ## - SOURCE DATA FOUND
- Source citation: Work cat.: (BD-RjUL)80764: Khatun. Nurun Nesa 5817, Floristic composition of Barind and adjacent region in relation to some Ecologocal factors /, 1997